| 000 | 00340nam a22001577a 4500 | ||
|---|---|---|---|
| 003 | SGT | ||
| 020 | _a9788177394337 | ||
| 082 |
_a612 _bH19J |
||
| 100 | _a AK JAIN | ||
| 245 | _aHuman Physiology For BDS | ||
| 250 | _a6TH | ||
| 260 |
_aNEW DELHI _bAPC Books _c2019 |
||
| 300 | _a1-580 | ||
| 650 | _aHuman Physiology | ||
| 942 |
_2ddc _cBK _028 |
||
| 999 |
_c20909 _d20909 |
||